Home Print Resources E-Books E-Journals IIMT Lecture Series Library Membership Form Book Recommendation Form Campus Tour Take AdmissionAbout Us Contact Us

SURVEYING VOLUME- II (Record no. 65276)

000 -LEADER
fixed length control field 00387nam a22001577a 4500
003 - CONTROL NUMBER IDENTIFIER
control field OSt
005 - DATE AND TIME OF LATEST TRANSACTION
control field 20250303161840.0
008 - FIXED-LENGTH DATA ELEMENTS--GENERAL INFORMATION
fixed length control field 250303b |||||||| |||| 00| 0 eng d
020 ## - INTERNATIONAL STANDARD BOOK NUMBER
International Standard Book Number 9789353167523
040 ## - CATALOGING SOURCE
Transcribing agency IIMT UNIVERSITY MEERUT
100 ## - MAIN ENTRY--PERSONAL NAME
Personal name Duggal S.K
245 ## - TITLE STATEMENT
Title SURVEYING VOLUME- II
260 ## - PUBLICATION, DISTRIBUTION, ETC.
Place of publication, distribution, etc. NEW DELHI
Name of publisher, distributor, etc. Mc. Graw Hill
Date of publication, distribution, etc. 2023
300 ## - PHYSICAL DESCRIPTION
Extent 527
942 ## - ADDED ENTRY ELEMENTS (KOHA)
Source of classification or shelving scheme
Koha item type Book Bank
Edition 5th
Holdings
Withdrawn status Lost status Source of classification or shelving scheme Damaged status Not for loan Home library Current library Date acquired Source of acquisition Inventory number Total Checkouts Barcode Date last seen Price effective from Koha item type
          IIMT University Central Library Meerut IIMT University Central Library Meerut 03/03/2025 SAVERA 24-25/CRB/935, 27/02/2025   01-B-143780 03/03/2025 03/03/2025 Book Bank
          IIMT University Central Library Meerut IIMT University Central Library Meerut 03/03/2025 SAVERA 24-25/CRB/935, 27/02/2025   01-B-143781 03/03/2025 03/03/2025 Book Bank
          IIMT University Central Library Meerut IIMT University Central Library Meerut 03/03/2025 SAVERA 24-25/CRB/935, 27/02/2025   01-B-143782 03/03/2025 03/03/2025 Book Bank
          IIMT University Central Library Meerut IIMT University Central Library Meerut 03/03/2025 SAVERA 24-25/CRB/935, 27/02/2025   01-B-143783 03/03/2025 03/03/2025 Book Bank
          IIMT University Central Library Meerut IIMT University Central Library Meerut 03/03/2025 SAVERA 24-25/CRB/935, 27/02/2025   01-B-143784 03/03/2025 03/03/2025 Book Bank
IIMT, Central Library. All Rights Reserved IIMT,UNIVERSITY © 2023
Implemented and Customised by I CLOUDE EMS
You Are OPAC Visitor No
free web counter

Powered by Koha